<?xml version="1.0" encoding="UTF-8"?>
<record
    xmlns:xsi="http://www.w3.org/2001/XMLSchema-instance"
    xsi:schemaLocation="http://www.loc.gov/MARC21/slim http://www.loc.gov/standards/marcxml/schema/MARC21slim.xsd"
    xmlns="http://www.loc.gov/MARC21/slim">

  <leader>01296nam a2200217Ia 4500</leader>
  <controlfield tag="003">OSt</controlfield>
  <controlfield tag="005">20260604094344.0</controlfield>
  <controlfield tag="008">210210b1999   xxu||||| |||| 00| 0 eng d</controlfield>
  <datafield tag="040" ind1=" " ind2=" ">
    <subfield code="c">AL</subfield>
  </datafield>
  <datafield tag="041" ind1=" " ind2=" ">
    <subfield code="a">Kannada</subfield>
  </datafield>
  <datafield tag="082" ind1=" " ind2=" ">
    <subfield code="a">330.092K ECHA</subfield>
  </datafield>
  <datafield tag="100" ind1=" " ind2=" ">
    <subfield code="a">H R KRISHNAMURTHY HOSABIDU</subfield>
    <subfield code="d">&#xC8E;&#xC9A;&#xCCD;.&#xC86;&#xCB0;&#xCCD;. &#xC95;&#xCC3;&#xCB7;&#xCCD;&#xCA3;&#xCAE;&#xCC2;&#xCB0;&#xCCD;&#xCA4;&#xCBF; &#xCB9;&#xCCA;&#xCB8;&#xCAC;&#xCC0;&#xCA1;&#xCC1;</subfield>
    <subfield code="9">265203</subfield>
  </datafield>
  <datafield tag="245" ind1=" " ind2=" ">
    <subfield code="a">amatryasen:  avara baduku  barahagala kiru parichaya</subfield>
    <subfield code="b">&#xC85;&#xCAE;&#xCB0;&#xCCD;&#xCA4;&#xCCD;&#xCAF;&#xCB8;&#xCC7;&#xCA8;&#xCCD; &#xCB8;&#xCC7;&#xCA8;&#xCCD; &#xC85;&#xCB5;&#xCB0; &#xCAC;&#xCA6;&#xCC1;&#xC95;&#xCC1; &#xCAC;&#xCB0;&#xCB9;&#xC97;&#xCB3; &#xC95;&#xCBF;&#xCB0;&#xCC1; &#xCAA;&#xCB0;&#xCBF;&#xC9A;&#xCAF;</subfield>
  </datafield>
  <datafield tag="260" ind1=" " ind2=" ">
    <subfield code="a">Bengaluru</subfield>
    <subfield code="b">Sudha Publications</subfield>
    <subfield code="c">1999</subfield>
  </datafield>
  <datafield tag="300" ind1=" " ind2=" ">
    <subfield code="a">24</subfield>
  </datafield>
  <datafield tag="520" ind1=" " ind2=" ">
    <subfield code="a">&#xC85;&#xCAE;&#xCB0;&#xCCD;&#xCA4;&#xCCD;&#xCAF; &#xCB8;&#xCC7;&#xCA8;&#xCCD; &#xC85;&#xCB5;&#xCB0;&#xCC1; &#xCA8;&#xCCA;&#xCAC;&#xCC6;&#xCB2;&#xCCD; &#xCAA;&#xCCD;&#xCB0;&#xCB6;&#xCB8;&#xCCD;&#xCA4;&#xCBF; &#xCB5;&#xCBF;&#xC9C;&#xCC7;&#xCA4; &#xCAD;&#xCBE;&#xCB0;&#xCA4;&#xCC0;&#xCAF; &#xC85;&#xCB0;&#xCCD;&#xCA5;&#xCB6;&#xCBE;&#xCB8;&#xCCD;&#xCA4;&#xCCD;&#xCB0;&#xC9C;&#xCCD;&#xC9E; &#xCAE;&#xCA4;&#xCCD;&#xCA4;&#xCC1; &#xCA4;&#xCA4;&#xCCD;&#xCB5;&#xC9C;&#xCCD;&#xC9E;&#xCBE;&#xCA8;&#xCBF;. &#xCAC;&#xCA1;&#xCA4;&#xCA8;, &#xC95;&#xCCD;&#xCB7;&#xCBE;&#xCAE;, &#xCAE;&#xCA4;&#xCCD;&#xCA4;&#xCC1; &#xC95;&#xCB2;&#xCCD;&#xCAF;&#xCBE;&#xCA3; &#xC85;&#xCB0;&#xCCD;&#xCA5;&#xCB6;&#xCBE;&#xCB8;&#xCCD;&#xCA4;&#xCCD;&#xCB0;&#xCA6; &#xC95;&#xCC1;&#xCB0;&#xCBF;&#xCA4;&#xCBE;&#xCA6; &#xC85;&#xCB5;&#xCB0; &#xC86;&#xCB3;&#xCB5;&#xCBE;&#xCA6; &#xCB8;&#xC82;&#xCB6;&#xCCB;&#xCA7;&#xCA8;&#xCC6;&#xC97;&#xCB3;&#xCC1; &#xCAE;&#xCA4;&#xCCD;&#xCA4;&#xCC1; '&#xCB8;&#xCBE;&#xCAE;&#xCB0;&#xCCD;&#xCA5;&#xCCD;&#xCAF;&#xCA6; &#xCB5;&#xCBF;&#xCA7;&#xCBE;&#xCA8;' (Capability Approach) &#xC9C;&#xCBE;&#xC97;&#xCA4;&#xCBF;&#xC95;&#xCB5;&#xCBE;&#xC97;&#xCBF; &#xCAE;&#xCA8;&#xCCD;&#xCA8;&#xCA3;&#xCC6; &#xCAA;&#xCA1;&#xCC6;&#xCA6;&#xCBF;&#xCA6;&#xCC6;</subfield>
  </datafield>
  <datafield tag="690" ind1=" " ind2=" ">
    <subfield code="a">Biography</subfield>
    <subfield code="9">265211</subfield>
  </datafield>
  <datafield tag="700" ind1=" " ind2=" ">
    <subfield code="a">HRK</subfield>
    <subfield code="9">265212</subfield>
  </datafield>
  <datafield tag="906" ind1=" " ind2=" ">
    <subfield code="a">054883</subfield>
  </datafield>
  <datafield tag="942" ind1=" " ind2=" ">
    <subfield code="2">ddc</subfield>
    <subfield code="c">BK</subfield>
  </datafield>
  <datafield tag="999" ind1=" " ind2=" ">
    <subfield code="c">115958</subfield>
    <subfield code="d">115958</subfield>
  </datafield>
  <datafield tag="952" ind1=" " ind2=" ">
    <subfield code="0">0</subfield>
    <subfield code="1">0</subfield>
    <subfield code="4">0</subfield>
    <subfield code="7">0</subfield>
    <subfield code="8">Economics</subfield>
    <subfield code="a">AL</subfield>
    <subfield code="b">AL</subfield>
    <subfield code="c">Economics</subfield>
    <subfield code="d">2021-02-17</subfield>
    <subfield code="e">Athree Book Centre, Mangalore-01</subfield>
    <subfield code="g">24.00</subfield>
    <subfield code="l">0</subfield>
    <subfield code="o">330.092K ECHA</subfield>
    <subfield code="p">054883</subfield>
    <subfield code="r">2021-02-17 00:00:00</subfield>
    <subfield code="w">2021-02-17</subfield>
    <subfield code="y">BK</subfield>
  </datafield>
</record>
